Story of Kashmir (Record no. 10917)

MARC details
000 -LEADER
fixed length control field 00778nam a2200253 a 4500
020 ## - INTERNATIONAL STANDARD BOOK NUMBER
ISBN
082 00 - DEWEY DECIMAL CLASSIFICATION NUMBER
Classification number 954.6
Author Cutter GRO
100 ## - MAIN ENTRY--AUTHOR NAME
Author name Grover, Verinder
245 ## - TITLE STATEMENT
Title Story of Kashmir
Sub title Yesterday and Today
260 ## - PUBLICATION, DISTRIBUTION, ETC. (IMPRINT)
Place of publication New Delhi
Name of publisher Deep & Deep Publications
Year of publication 1995
300 ## - PHYSICAL DESCRIPTION
Number of Pages 262p
500 ## - GENERAL NOTE
General note includes index and biblioraphy
505 2# - FORMATTED CONTENTS NOTE
Formatted contents note Notes, Index
505 2# - FORMATTED CONTENTS NOTE
Formatted contents note Notes, Index00
650 ## - SUBJECT ADDED ENTRY--TOPICAL TERM
Topical Term Kashmir-History
942 ## - ADDED ENTRY ELEMENTS (KOHA)
Koha item type Books
700 1# -
-- Grover, Verinder
Holdings
Collection code Home library Current library Shelving location Date acquired Cost, normal purchase price Full call number Accession Number Koha item type
Reference Henry Martyn Institute Library Henry Martyn Institute Library Reference   2000.00 954.6 GRO 015400 Books
Reference Henry Martyn Institute Library Henry Martyn Institute Library Reference   100.00 954.6 GRO 015401 Books
Reference Henry Martyn Institute Library Henry Martyn Institute Library Reference   100.00 954.6 GRO 015402 Books
                   Copyright © 2026 | Henry Martyn Institute | Hyderabad | TS-500052 | INDIA | Implemented by hmi.edu.in
Hit-Count:

Powered by Koha